00875nam a22002537a 450000500170000001000130001702000230003003500130005303700160006604000120008208200130009410000300010724500850013726000400022227000430026230000250030550000200033065000280035065000240037870000390040294200220044199900190046395201390048220170124110029.0 aB-231031 c175.00a8189781162 aB-231031 bCen Lib/Ret aDPLbEN a512bGAN aGanguly, Sobhakar9102513 aTreatise on basic algebra /cby Sobhakar Ganguly [and] Manabendra NAth Mukherjee aKolkatabAcademic publishers c2007 bKolkataa11 Panchan ghosh lanee700009 aviii,562p.c23cm(Hb) aIncludes index  aLinear algebra 9102514 aMathematics 98937 aMukherjee, Manabendra Nath9102515 2ddccENh512mGAN c127702d127702 00104070aLbLd2015-06-30eCen Lib/Retg175.00l4m1o512 GANpB-231031r2021-06-19 00:00:00s2021-06-14t1v175.00w2015-06-30yEN